| 000 | 01924nam a2200493Ii 4500 | ||
|---|---|---|---|
| 001 | DIGSIRLA0525 | ||
| 003 | NyNyDIG | ||
| 006 | m o d | ||
| 008 | 170426t20162011sp o 000 f spa d | ||
| 007 | cr ||||||||||| | ||
| 035 | _a(OCoLC)984670112 | ||
| 040 |
_aDGITA _beng _erda _epn _cDGITA |
||
| 020 |
_a9788416749850 _q(eBook ; _qePub) |
||
| 020 |
_a841674985X _q(eBook ; _qePub) |
||
| 020 |
_a9788416749867 _q(eBook ; _qKindle) |
||
| 020 |
_a8416749868 _q(eBook ; _qKindle) |
||
| 020 | _z9788498415216 | ||
| 020 | _z8498415217 | ||
| 050 | 1 | 4 | _aPL839.A7 ebook |
| 082 | 0 | 4 | _a895.6344 |
| 100 | 1 |
_aTanizaki, Jun'ichirō, _d1886-1965, _eauthor. |
|
| 240 | 1 | 0 |
_aNaomi. _lSpanish _s(Balseiro) |
| 245 | 1 | 0 |
_aNaomi / _cJunichirō Tanizaki ; traducción del inglés de María Luisa Balseiro. |
| 250 | _aEdición en formato digital. | ||
| 264 | 1 |
_aMadrid : _bEdiciones Siruela, _c[2016] |
|
| 264 | 4 | _c©2011 | |
| 300 | _a1 online resource. | ||
| 336 |
_atext _btxt _2rdacontent |
||
| 337 |
_acomputer _bc _2rdamedia |
||
| 338 |
_aonline resource _bcr _2rdacarrier |
||
| 490 | 1 |
_aLibros del tiempo ; _v309 |
|
| 588 | 0 | _aOnline resource; title from ePub title page (Digitalia, viewed April 27, 2017) | |
| 655 | 7 |
_aRomance fiction. _2lcgft |
|
| 655 | 0 | _aElectronic books. | |
| 700 | 1 |
_aBalseiro, María Luisa, _etranslator. |
|
| 700 | 1 |
_iTranslation of: _aTanizaki, Jun'ichirō, _d1886-1965. _tChijin no ai. _lEnglish. |
|
| 791 | 2 |
_aDigitalia (Firm), _edistributor. |
|
| 793 | 0 |
_gDigitalia eBook Collection: _aSiruela |
|
| 776 | 0 | 8 |
_iPrint version: _aTanizaki, Jun'ichirō, 1886-1965. _sChijin no ai. Spanish (Balseiro). _tNaomi. _bPrimera edición. _dMadrid : Ediciones Siruela, 2011 _z9788498415216 _w(OCoLC)746835607 |
| 830 | 0 |
_aLibros del tiempo (Madrid, Spain) ; _v309. |
|
| 856 | 4 | 0 |
_3Digitalia Hispánica _uhttps://www.digitaliapublishing.com/a/44818/ |
| 910 | _aPremium collection: 2017 | ||
| 942 | _cRAA | ||
| 999 |
_c248802 _d248802 |
||